01287naa a2200241 i 4500001000400000003000400004005001700008008003900025040000800064080001300072100017400085245019900259260001000458500002600468650003100494650001500525655003000540773015800570700017300728711011600901942001301017999001501030BPPBPK20180430141812.0140314s1984 pl f |100 0 pol cBPK a628.3/.4 aEWERTOWSKA-MADEJ, Zofia.d1978 - 1996.bWyższa Szkoła Inżynierska w Koszalinie - Wydział Inżynierii Lądowej i Sanitarnej,cZakład Biologii i Chemii Sanitarnej aPrognoza redukcji zanieczyszczeń przepływających przez ośrodek porowaty w warunkach naturalnych na podstawie wyników badań modelowych /cZofia Ewertowska-Madej, Kazimierz Szymański. c1984. aDane z kartoteki bpp. 0aOczyszczalnia ścieków. 0aFiltracja. 0aMateriały konferencyjne. iW :tWspółczesne problemy inżynierii środowiska : Sympozjum. -dKoszalin : Wydaw. Uczelniane Wyższej Szkoły Inżynierskiej, 1984. -gs. 89-191 aSZYMAŃSKI, Kazimierz.d1970 - 1996.bWyższa Szkoła Inżynierska w Koszalinie - Wydział Inżynierii Lądowej i Sanitarnej,cZakład Biologii i Chemii Sanitarnej aSympozjum Naukowo-Techniczne nt. Współczesne problemy inżynierii środowiskad(1984 ;cKoszalin, Polska). cART2UKD c6573d6573